000 00287nam a22001337a 4500
008 171016b xxu||||| |||| 00| 0 eng d
020 _a9780072314885
041 _aeng
080 _217 ED
_a33
100 _a52
101 _aECO
245 _aECONOMICS
_cSAMUELSON.N
942 _2udc
_cBK
999 _c34010
_d34010